A Discourse On Reprographic Right And Copyrights: (Record no. 203176)
[ view plain ]
| 000 -LEADER | |
|---|---|
| fixed length control field | 00833nam a22002297a 4500 |
| 005 - DATE AND TIME OF LATEST TRANSACTION | |
| control field | 20240603154057.0 |
| 010 ## - LCCN (DPL NO) | |
| LC control number | ENG-140465 |
| 020 ## - INTERNATIONAL STANDARD BOOK NUMBER | |
| International Standard Book Number | 9788192746807 |
| 035 ## - SYSTEM CONTROL NUMBER | |
| System control number | EN-123997 |
| 037 ## - SOURCE OF ACQUISITION | |
| Source of stock number/acquisition | DBAD |
| 082 ## - DEWEY DECIMAL CLASSIFICATION NUMBER | |
| Classification number | 346.0482 |
| 245 ## - TITLE STATEMENT | |
| Title | A Discourse On Reprographic Right And Copyrights: |
| Remainder of title | Contemporary Facets/ |
| Statement of responsibility, etc | Edited by Dilip Kumar Sinha...[et al] |
| 260 ## - PUBLICATION, DISTRIBUTION, ETC. (IMPRINT) | |
| Place of publication, distribution, etc | Kolkata |
| Name of publisher, distributor, etc | Indian Statistical Institute |
| Date of publication, distribution, etc | 2013 |
| 270 ## - ADDRESS | |
| Address | Indian Statistical Institute, 203 B T Road |
| City | Kolkata |
| Postal code | 700108 |
| 300 ## - PHYSICAL DESCRIPTION | |
| Extent | 303 p. |
| Dimensions | 24cm, (hb} |
| 700 ## - ADDED ENTRY--PERSONAL NAME | |
| Personal name | Edited by Sinha, Dilip Kumar |
| 9 (RLIN) | 66297 |
| 700 ## - ADDED ENTRY--PERSONAL NAME | |
| Personal name | Edited by Mallick, Amal Kumar |
| 9 (RLIN) | 66607 |
| 700 ## - ADDED ENTRY--PERSONAL NAME | |
| Personal name | Edited by Gangully, Nibedita |
| 9 (RLIN) | 66609 |
| 700 ## - ADDED ENTRY--PERSONAL NAME | |
| Personal name | Edited by Mukherjee, Dipankar |
| 9 (RLIN) | 66611 |
| 700 ## - ADDED ENTRY--PERSONAL NAME | |
| Personal name | Edited by Banerjee, Swapna |
| 9 (RLIN) | 66758 |
| 942 ## - ADDED ENTRY ELEMENTS (KOHA) | |
| Source of classification or shelving scheme | Dewey Decimal Classification |
| Item type | English Books |
| Classification part | 346.0482 |
| Call number suffix | DIS |
| Withdrawn status | Lost status | Not for loan | Collection code | Home library | Current library | Date acquired | Source of acquisition | Cost, normal purchase price | Full call number | Barcode | Copy number | Cost, replacement price | Koha item type |
|---|---|---|---|---|---|---|---|---|---|---|---|---|---|
| Non-fiction | Central Jail Tihar | Central Jail Tihar | 22/05/2024 | DBAD | 800.00 | 346.0482 DIS | EN-123997 | 1 | 800.00 | English Books |
